Audítorská dokumentácia auditu založeného na rizikách

Dôležitosť audítorskej dokumentácie pri vykonávaní auditu. Problematika rizika auditu, audítorského prístupu založeného na rizikách a jeho dokumentácie.

Uložené v:
Podrobná bibliografia
Hlavný autor: Maděra, František
Ďalší autori: Tkáčová, Lenka
Médium: Kapitola
Jazyk:Slovak
Predmet:
Tagy: Pridať tag
Žiadne tagy, Buďte prvý, kto otaguje tento záznam!

MARC

LEADER 00000naa a2200000 4500
001 0165490
005 20240502072902.2
041 0 |a slo 
044 |a SK 
245 1 0 |a Audítorská dokumentácia auditu založeného na rizikách  |c František Maděra, Lenka Tkáčová 
520 |a Dôležitosť audítorskej dokumentácie pri vykonávaní auditu. Problematika rizika auditu, audítorského prístupu založeného na rizikách a jeho dokumentácie. 
610 2 0 |a audit 
610 2 0 |a riziko 
610 2 0 |a dokumentácia účtovná 
610 2 0 |a audítorstvo 
610 2 0 |a audítori 
100 1 |a Maděra, František 
700 1 |a Tkáčová, Lenka